| 000 | 01351nam a2200229 a 4500 | ||
|---|---|---|---|
| 008 | 190715s2008 ||||||||||||||||| || u | ||
| 020 | _a9780071493710 | ||
| 050 | _aTJ 799 Dem | ||
| 100 | _aDempsey, Paul | ||
| 245 | 1 | 0 |
_aTroubleshooting and repairing diesel engines. (4th edition) _cBy Paul Dempsey |
| 250 | _a4th edition | ||
| 260 |
_aNew York _bMcGraw-Hill _c2008 |
||
| 300 | _axiii, 390 pages : illustrations | ||
| 650 | _aMOTORS--MAINTENANCE AND REPAIR | ||
| 650 | _aDIESEL MOTOR--MAINTENANCE | ||
| 650 | _aENGINES--MAINTENANCE AND REPAIR | ||
| 995 |
_aMAIN LIBRARY OPEN ACCESS _D20.00 _e749419 _FCBU-MAIN LIBRARY (Kitwe) _jTJ 799 Dem _M2 _UAVAILABLE _WJul 16, 2019 _y749419 _ZMain Library Open Access Collection |
||
| 995 |
_aMAIN LIBRARY OPEN ACCESS _D20.00 _e749421 _FCBU-MAIN LIBRARY (Kitwe) _jTJ 799 Dem _M4 _UAVAILABLE _WJul 16, 2019 _y749421 _ZMain Library Open Access Collection |
||
| 995 |
_aMAIN LIBRARY OPEN ACCESS _D20.00 _e749422 _FCBU-MAIN LIBRARY (Kitwe) _jTJ 799 Dem _M1 _UAVAILABLE _WJul 16, 2019 _y749422 _ZMain Library Open Access Collection |
||
| 995 |
_aSHORT LOAN BOOKS _e750114 _FCBU-MAIN LIBRARY (Kitwe) _jTJ 799 Dem _M5 _UAVAILABLE _WNov 26, 2019 _y750114 _ZShort Loan Collection |
||
| 995 |
_aMAIN LIBRARY OPEN ACCESS _D20.00 _e749420 _FCBU-MAIN LIBRARY (Kitwe) _jTJ 799 Dem _M3 _UAVAILABLE _WJul 16, 2019 _y749420 _ZMain Library Open Access Collection |
||
| 999 |
_c81450 _d81450 |
||